000 00472nam a2200181Ia 4500
005 20250130050719.0
008 240331s9999 xx 000 0 und d
020 _a8170070643
082 _bTHA
_a954
100 _aThaper, R
245 0 _aCommunalism and the writing of Indian History
260 _aNew Delhi
_bPeople's Publishing House Pvt Ltd
_c1987
300 _a61 p .,
650 _aIndian History
650 _aModern India
650 _aCommunalism
942 _cL
999 _c3522
_d3522